000 00364nam a22001337a 4500
008 250703b |||||||| |||| 00| 0 eng d
020 _a978316533X
050 _aHD9696
_b.L37
100 _aLASODE Obafemi
245 _aTelevision Broadcasting, the Nigerian Experience 1959-1992
260 _aNigeria
_bCaltop Publication Ltd.
_c1994
300 _a266p.
942 _cBK
999 _c4118
_d4118